000 00561nam a2200229Ia 4500
003 OSt
005 20220918203432.0
006 a|||||r|||| 00| 0
007 ta
008 220917b |||||||| |||| 00| 0 eng d
024 _a108,277
037 _cTextual
040 _aARTS
_cARTS
_beng
041 _2eng
_aeng
082 _aV34:1:J, L2
100 _aLydon J F
_9108572
245 0 _aLordship of Ireland in the middle ages
260 _c1972
650 _aHISTORY
942 _hV34:1:J, L2
_cTEXL
_2CC
999 _c231631
_d231631